|
|
|
|
| LEADER |
00000nam0a2200000 4500 |
| 001 |
147851 |
| 005 |
20231101221324.0 |
| 010 |
|
|
|a 5710701424
|
| 020 |
|
|
|a RU
|b 94-6547
|
| 035 |
|
|
|a (RuTPU)RU\TPU\book\160264
|
| 090 |
|
|
|a 147851
|
| 100 |
|
|
|a 20081121d1993 m y0rusy5003 ca
|
| 101 |
0 |
|
|a rus
|
| 102 |
|
|
|a RU
|
| 105 |
|
|
|a y z 000ay
|
| 200 |
1 |
|
|a Порог любви
|e роман
|f П. Л. Проскурин
|
| 210 |
|
|
|a Москва
|c Дрофа
|d 1993
|
| 215 |
|
|
|a 517,[1] с.
|d 21 см
|
| 610 |
1 |
|
|a советская литература
|
| 610 |
1 |
|
|a романы
|
| 610 |
1 |
|
|a статьи
|
| 610 |
1 |
|
|a очерки
|
| 675 |
|
|
|a Р2
|z rus
|
| 700 |
|
1 |
|a Проскурин
|b П. Л.
|c русский писатель
|c Герой Социалистического Труда (1988)
|f 1928-2001
|g Петр Лукич
|2 stltpush
|3 (RuTPU)RU\TPU\pers\36121
|9 19228
|
| 801 |
|
0 |
|a RU
|b RuMRKP
|c 19950413
|g psbo
|
| 801 |
|
1 |
|a RU
|b 63413507
|c 20081121
|g PSBO
|
| 801 |
|
2 |
|a RU
|b 63413507
|c 20171211
|g PSBO
|
| 942 |
|
|
|c BK
|